000 00434nam a2200181Ia 4500
008 230524s9999 xx 000 0 und d
020 _a9780070702103
082 _a4.22
_bHWA
100 _aKai Hwang
245 0 _aAdvanced Computer Architecture
250 _a2
260 _aNew Delhi
_bMGH
_c2013
300 _a723p;
500 _aQuantity Number: 20
650 _aComputer Science
700 _aNagrsh Jotwani
942 _cBK
999 _c53714
_d53714